Kỹ năng đàm phán thuyết trình trong kinh doanh

Nội dung sách nhằm trang bị cho bạn đọc những kiến thức căn bản nhất về khái niệm giao tiếp và các kỹ năng giao tiếp; đàm phán trong kinh doanh, tổ chức hội họp và thuyết trình. Những kiến thức cơ bản ban đầu luôn là điều cần thiết cho nh...

Full beskrivning

Sparad:
Bibliografiska uppgifter
Huvudupphovsman: Mai, Chánh Cường
Materialtyp: Bok
Språk:Undetermined
Publicerad: Hà Nội Khoa học kỹ thuật 2008
Ämnen:
Taggar: Lägg till en tagg
Inga taggar, Lägg till första taggen!
Thư viện lưu trữ: Trung tâm Học liệu Trường Đại học Cần Thơ
LEADER 01089nam a2200205Ia 4500
001 CTU_140637
008 210402s9999 xx 000 0 und d
020 |c 33000 
082 |a 658.4052 
082 |b C561 
100 |a Mai, Chánh Cường 
245 0 |a Kỹ năng đàm phán thuyết trình trong kinh doanh 
245 0 |c Mai Chánh Cường 
260 |a Hà Nội 
260 |b Khoa học kỹ thuật 
260 |c 2008 
520 |a Nội dung sách nhằm trang bị cho bạn đọc những kiến thức căn bản nhất về khái niệm giao tiếp và các kỹ năng giao tiếp; đàm phán trong kinh doanh, tổ chức hội họp và thuyết trình. Những kiến thức cơ bản ban đầu luôn là điều cần thiết cho những ai mới bắt đầu hoạt động trong lĩnh vực kinh doanh. 
650 |a Negotiation in business,Success in business,Đàm phán trong kinh doanh 
904 |i Tuyến 
980 |a Trung tâm Học liệu Trường Đại học Cần Thơ